000 00550nam a2200169Ia 4500
008 090711s9999 xx 000 0 und d
082 _b17581
100 _aसाठे शंकर गो.
245 _aधन्य मी उाgऎतार्थ मी
260 _c1965
300 _a93
600 _aसाठे शंकर गो.
630 _aधन्य मी उाgऎतार्थ मी
700 _aसाठे शंकर गो.
730 _aधन्य मी उाgऎतार्थ मी
942 _cBOOK
999 _c304898
_d304898